| 000 | 00665nam a2200265Ia 4500 | ||
|---|---|---|---|
| 003 | OSt | ||
| 005 | 20221007111710.0 | ||
| 006 | a|||||r|||| 00| 0 | ||
| 007 | ta | ||
| 008 | 221006b |||||||| |||| 00| 0 eng d | ||
| 020 | _a0582422426 | ||
| 024 | _a24,132 | ||
| 037 | _cTextual | ||
| 040 |
_aLCO _cLCO _beng |
||
| 041 |
_2eng _aeng |
||
| 082 | _aZ73,3, L4 | ||
| 100 |
_aNicholls W.J. _9708456 |
||
| 245 | 0 | _aEnglish Law for Business Studies | |
| 250 | _a3rd | ||
| 260 |
_aLondon _bLongman Group Limited U.K. _c1974 |
||
| 300 | _a419 | ||
| 650 | _aBUSINESS | ||
| 942 |
_hZ73,3, L4 _cTEXL |
||
| 999 |
_c1193695 _d1193695 |
||